Código Procesal Penal: sistematizado con jurisprudencia

Tallennettuna:
Bibliografiset tiedot
Yhteisötekijä: Chile
Muut tekijät: Blanco Suárez, Rafael (Ohjaaja)
Aineistotyyppi: Kirja
Kieli:espanja
Julkaistu: Santiago, Chile: Legal Publishing, 2011
Aiheet:
Tagit: Lisää tagi
Ei tageja, Lisää ensimmäinen tagi!

MARC

LEADER 00000cam a2200000 a 4500
001 UCG9072
003 CL-VaPUC
005 20250429113419.0
008 120120e20110000CL |||||||||||||||||spa|d
999 |c 346647  |d 346645 
020 |a 9789563460476 
040 |c Pontificia Universidad Católica de Valparaíso 
082 0 4 |a 345.8305 CHI 2011  |2 21 
110 1 |a Chile  |9 890760 
245 1 0 |a Código Procesal Penal: sistematizado con jurisprudencia 
260 |a Santiago, Chile:  |b Legal Publishing,  |c 2011 
300 |a 703 páginas 
505 |a Prólogo. Mensaje de S.E. el Presidente de la República con el que inicia un proyecto de ley que establece un nuevo Código de Procedimiento Penal. -Libro Primero. Disposiciones Generales. -Libro Segundo. Procedimiento Ordinario. -Libro Tercero. Recursos. -Libro Cuarto. Procedimientos Especiales y Ejecución. 
583 |a last modification  |c 20120120 10:38:00  |k Rodrigo Vera 
650 1 |a Derecho penal chileno  |9 902456 
650 1 |a Derecho procesal penal   |9 902457 
650 1 |a Código procesal penal  |9 432657 
650 1 |a Jurisprudencia procesal  |9 254972 
700 |a Blanco Suárez, Rafael  |e director  |9 891940 
942 |c BK  |2 ddc 
945 |d 20120120 00:00:00  |a dcastane 
952 |0 0  |1 0  |4 0  |6 345_830500000000000_CHI_2011  |7 0  |8 A  |9 447445  |a BIBDER  |b BIBDER  |d 2019-11-22  |i 481648K  |l 2  |o 345.8305 CHI 2011  |p 481648K  |r 2023-05-11  |s 2023-05-11  |w 2019-11-22  |y BK  |k DER